<?xml version="1.0" encoding="UTF-8"?>
<marc:record xmlns:marc="http://www.loc.gov/MARC21/slim">
   <marc:leader>00000nam a2200000 a 4500</marc:leader>
   <marc:datafield ind1="0" ind2="0" tag="245">
      <marc:subfield code="a">Zero</marc:subfield>
   </marc:datafield>
   <marc:datafield ind1=" " ind2="1" tag="264">
      <marc:subfield code="b">BollyLove</marc:subfield>
      <marc:subfield code="c">2019</marc:subfield>
   </marc:datafield>
   <marc:datafield ind1="1" ind2=" " tag="520">
      <marc:subfield code="a">Bauua ist ein gut gelaunter Taugenichts, der trotz seiner 38 Jahre noch bei den Eltern wohnt. Doch damit soll jetzt Schluss sein: Bauua sucht die Frau fürs Leben. Prompt vermittelt ihm eine Heiratsagentur Aafia, eine angesehene Wissenschaftlerin. Sie scheint die perfekte Partie zumindest auf dem Foto. Doch Bauua ist von der Beziehung schnell überfordert. Lieber flüchtet er sich in Schwärmereien für das Bollywood-Starlet Babita und lässt ihretwegen sogar die Hochzeit mit Aafia platzen. Viel zu spät erkennt Baaua seinen Fehler. Mit einer spektakulären Aktion will er das Blatt nochmal wenden.</marc:subfield>
   </marc:datafield>
   <marc:datafield ind1=" " ind2=" " tag="020">
      <marc:subfield code="a">4042564196108</marc:subfield>
      <marc:subfield code="9">4042564196108</marc:subfield>
   </marc:datafield>
   <marc:datafield ind1=" " ind2=" " tag="500">
      <marc:subfield code="a">ohne Altersbeschränkung</marc:subfield>
   </marc:datafield>
   <marc:datafield ind1="0" ind2=" " tag="490">
      <marc:subfield code="v">0</marc:subfield>
   </marc:datafield>
   <marc:datafield ind1=" " ind2=" " tag="300">
      <marc:subfield code="a">ca. 164 Min.</marc:subfield>
   </marc:datafield>
</marc:record>
